LEADER 01207nam a2200301 i 4500 001 000000154095 003 CaOOAMICUS 005 20061010000000.0 008 061010s1984 it u000 u ita u 013 $a131441 020 $a88-85678-05-X 040 $aSeMil$bita 100 1 $aRilke, Rainer Maria,$d<1875-1926>.$0(OLS)http://semarc/name/6263 240 10$aBriefwechsel.$0(OLS)http://semarc/title/41613 245 10$aEpistolario /$cRainer Maria Rilke [e] Lou Andreas Salomé ; a cura di Ernst Pfeiffer. 260 $aMilano :$bLa Tartaruga,$c1984. 300 $a377 p. ;$c21 cm. 500 $aFondo Ciprandi. 650 4$aEpistolari cristiani.$0(OLS)http://semarc/subject/1101 700 1 $aPfeiffer, Ernst.$0(OLS)http://semarc/name/60287 700 1 $aSalomé, Lou Andreas <1861-1937>.$0(OLS)http://semarc/name/60286 850 $aSeMil 852 $aSeMil$W1$xVenegono$y1$m1W III 211$j105958$B105958$CSeMilBibl$Z2$F115190 $81 941 1 $a1 961 $aOmaggio: Ciprandi dott. Paolo 996 $6020$a88-85678-05-X$9(OLS)http://semarc/number/143987 996 $6245$aEpistolario$9(OLS)http://semarc/title/1211 996 $6260$aMilano :$bLa Tartaruga$9(OLS)http://semarc/publisher/34786 LEADER 00858nam a2200217 i 4500 001 000000040134 003 CaOOAMICUS 005 20250609112451.0 008 931231s1993 it u000 u ita u 040 $aSeMil$bita 245 00$aDizionario delle idee politiche /$cdiretto da Enrico Berti e Giorgio Campanini. 264 1$aRoma :$bAVE,$c1993. 300 $aXXI, 970 p. ;$c22 cm 650 4$aPolitica - Enciclopedie e dizionari.$0(OLS)http://semarc/subject/1032 700 1 $aCampanini, Giorgio,$d<1930- >.$0(OLS)http://semarc/name/70710 850 $aSeMil 852 $aSeMil$W1$xVenegono$y1$mSL1.N IV 58$j258025$B6289$CSeMilBibl$Z2$F6289 $8I 961 $aAcquisto: Distributore 996 $6245$aDizionario delle idee politiche$9(OLS)http://semarc/title/57503 996 $6264$aRoma :$bAVE$9(OLS)http://semarc/publisher/30251